<?xml version="1.0" encoding="UTF-8"?>
<record
    xmlns:xsi="http://www.w3.org/2001/XMLSchema-instance"
    xsi:schemaLocation="http://www.loc.gov/MARC21/slim http://www.loc.gov/standards/marcxml/schema/MARC21slim.xsd"
    xmlns="http://www.loc.gov/MARC21/slim">

  <leader>01171    a2200145   4500</leader>
  <datafield tag="999" ind1=" " ind2=" ">
    <subfield code="c">25282</subfield>
    <subfield code="d">25282</subfield>
  </datafield>
  <datafield tag="020" ind1=" " ind2=" ">
    <subfield code="a">9788179925911</subfield>
  </datafield>
  <datafield tag="082" ind1=" " ind2=" ">
    <subfield code="a">523.1</subfield>
    <subfield code="b">HAW-T</subfield>
  </datafield>
  <datafield tag="100" ind1=" " ind2=" ">
    <subfield code="a">Hawking, Stephen W.</subfield>
  </datafield>
  <datafield tag="245" ind1=" " ind2=" ">
    <subfield code="a">Theory of everything</subfield>
    <subfield code="b">: the origin and fate of the universe</subfield>
  </datafield>
  <datafield tag="260" ind1=" " ind2=" ">
    <subfield code="b">Jaico Publishing House</subfield>
    <subfield code="c">2009</subfield>
    <subfield code="a">Mumbai</subfield>
  </datafield>
  <datafield tag="300" ind1=" " ind2=" ">
    <subfield code="a">xiii, 132p.</subfield>
  </datafield>
  <datafield tag="520" ind1=" " ind2=" ">
    <subfield code="a">Hawking presents a series of seven lectures - covering everything from a big bank to black holes to string theory - that capture not only the brilliance of Hawking&#x2019;s mind but his characteristic wit as well. Of his research on black holes, which absorbed him for more than a decade he says," it might seem a bit like looking for a black cat in a coal cellar." A great populariser of science as well as a brilliant scientist, Hawking believes that advances in theoretical science should be "understandable in broad principals by everyone, not just a few scientists". In this book he offers a fascinating voyage of discovery about the cosmos and our place in it.  It is a book for anyone who has ever gazed at the night sky and wondered what was up there and how it came to be.</subfield>
  </datafield>
  <datafield tag="650" ind1=" " ind2=" ">
    <subfield code="a">Cosmology</subfield>
    <subfield code="v">Science--Philosophy</subfield>
  </datafield>
  <datafield tag="942" ind1=" " ind2=" ">
    <subfield code="2">ddc</subfield>
    <subfield code="c">BK</subfield>
  </datafield>
  <datafield tag="952" ind1=" " ind2=" ">
    <subfield code="0">0</subfield>
    <subfield code="1">0</subfield>
    <subfield code="4">0</subfield>
    <subfield code="7">0</subfield>
    <subfield code="a">NASSDOC</subfield>
    <subfield code="b">NASSDOC</subfield>
    <subfield code="d">2019-09-06</subfield>
    <subfield code="e">7</subfield>
    <subfield code="g">145.27</subfield>
    <subfield code="l">0</subfield>
    <subfield code="o">523.1 HAW-T</subfield>
    <subfield code="p">50507</subfield>
    <subfield code="r">2019-09-06 00:00:00</subfield>
    <subfield code="v">199.00</subfield>
    <subfield code="w">2019-09-06</subfield>
    <subfield code="y">BK</subfield>
  </datafield>
</record>
